01344cam a2200301 i 450000100090000000300090000900500170001800800410003502000150007603500230009104000530011408200220016711101140018924501840030326400450048726400100053230000440054233600260058633700280061233800270064050400410066765000550070865500170076385601000078094200120088099900170089295201330090914055498EG-ScBUE20250618084949.0050728t1992 si a f b 000 0 eng d a9810240686 a(OCoLC)ocm43500092 aJCSbengerdacJCSdNLCdTXAdIQUdDLCdEG-ScBUE04a539.7544222bELE2 aInternational Workshop on Electroweak Physics beyond the Standard Modeld2-5 Oct 1991cValencia, Spain,9764410aElectroweak physics beyond the standard model :binternational workshop on electroweak physics beyond the standard model. Valencia, Spain, 2-5 Oct 1991 /cJ. W. Valle & J. Velasco 1aSingapore : bWorld Scientific, c[1992] 4cc1992 aix, 502 pages :billustrations ;c23 cm 2rdacontentatextbtxt aunmediated2rdamediabn avolumebnc2rdacarrier aIncludes bibliographical references. 7aElectroweak interactionsvCongresses.2BUEsh97645 vReading book423List of Institute papers in Spiresuhttp://www.slac.stanford.edu/spires/find/hep?cnum=C99-02-14 2ddccBB c12220d12220 00102ddc40708AlahramaMAINbMAINc1STd2009-07-06ePurchaseg382.60h72l0o539.7544 ELEp000017215r2025-07-15 00:00:00yBB